000 00321nam a2200121Ia 4500
008 220217s9999||||xx |||||||||||||| ||und||
082 _a005.13 RON
100 _aRonald, Allison
_93345
245 0 _aPerl 6 essential
260 _aSPD publications
_bNew Delhi
_c2003
300 _b175
650 _aPROGRAMMING LANGUAGE
999 _c171444
_d171444